Formule 1 - Pilotes et Ecuries 2026 - Statistiques

Statistiques générales
  • Ce quiz a été pris 154 fois
    145 depuis la dernière actualisation
  • Le résultat moyen est 28 sur 33
Statistiques - réponses
Pilote % Correct
Charles Leclerc
95%
Lewis Hamilton
95%
Max Verstappen
95%
Pierre Gasly
95%
Esteban Ocon
94%
Lando Norris
94%
Oscar Piastri
94%
Isack Hadjar
93%
Fernando Alonso
92%
Sergio Perez
92%
Carlos Sainz Jr.
90%
George Russell
90%
Lance Stroll
90%
Valtteri Bottas
90%
Alex Albon
89%
Nico Hülkenberg
88%
Andrea Kimi Antonelli
87%
Franco Colapinto
87%
Ferrari
85%
Liam Lawson
85%
Mclaren
85%
RedBull
85%
Mercedes
84%
Alpine
82%
Aston Martin
82%
Audi
81%
Gabriel Bortoleto
80%
Haas
80%
Oliver Bearman
80%
Williams
80%
Cadillac
79%
Racing Bulls
67%
Arvid Lindblad
59%
Aucun quiz correspondant
Distribution des résultats
% des personnes avec chaque résultat
Percentile par nombre de réponses
Votre historique - résultats
Vous n’avez pas pris ce quiz depuis la dernière actualisation